| 000 | 01486nam a2200373Ia 4500 | ||
|---|---|---|---|
| 001 | ebr10434972 | ||
| 003 | CaPaEBR | ||
| 006 | m u | ||
| 007 | cr cn||||||||| | ||
| 008 | 100225s2010 mdu sbd 001 0 eng d | ||
| 010 | _z 2010004133 | ||
| 020 | _z9780810876606 | ||
| 020 | _z0810876604 | ||
| 020 | _z9780810876910 | ||
| 020 | _z0810876914 | ||
| 020 | _z9780810876613 | ||
| 020 | _z0810876612 | ||
| 040 |
_aCaPaEBR _cCaPaEBR |
||
| 035 | _a(OCoLC)694791371 | ||
| 050 | 1 | 4 |
_aHB3743 _b.R67 2010eb |
| 082 | 0 | 4 |
_a330.9/051103 _222 |
| 100 | 1 | _aRosenberg, Jerry Martin. | |
| 245 | 1 | 4 |
_aThe concise encyclopedia of the great recession, 2007-2010 _h[electronic resource] / _cJerry M. Rosenberg. |
| 260 |
_aLanham [Md.] : _bScarecrow Press, _c2010. |
||
| 300 | _axiv, 391 p. | ||
| 504 | _aIncludes bibliographical references and index. | ||
| 533 |
_aElectronic reproduction. _bPalo Alto, Calif. : _cebrary, _d2011. _nAvailable via World Wide Web. _nAccess may be limited to ebrary affiliated libraries. |
||
| 650 | 0 |
_aFinancial crises _zUnited States _xHistory _y21st century _vDictionaries. |
|
| 650 | 0 |
_aRecessions _zUnited States _xHistory _y21st century _vDictionaries. |
|
| 650 | 0 |
_aFinancial institutions _zUnited States _xHistory _y21st century _vDictionaries. |
|
| 655 | 7 |
_aElectronic books. _2local |
|
| 710 | 2 | _aebrary, Inc. | |
| 856 | 4 | 0 |
_uhttp://site.ebrary.com/lib/rucke/Doc?id=10434972 _zAn electronic book accessible through the World Wide Web; click to view |
| 999 |
_c235024 _d235024 |
||